| 000 | 00409nam a22001337a 4500 | ||
|---|---|---|---|
| 082 |
_a621.381 _bMAI _cL-9, P-35 |
||
| 100 |
_aMiller, Robert E. _941598 |
||
| 245 |
_aMaintenance manual of electronic control / _cRobert E Miller. |
||
| 260 |
_aNew York : _bMcGraw Hill Book Company, Inc. _cc1949. |
||
| 300 | _axi, 304 p. : | ||
| 526 |
_a0 _b0 _c0 _d621_381000000000000_MAI |
||
| 650 |
_aMCE _9379 |
||
| 942 |
_2ddc _cBK |
||
| 999 |
_c545664 _d545664 |
||